Τραπεζικές διαδικτυακές συναλλαγές (E-banking) και η εξέλιξη τους στην ελληνική αγορά : πτυχιακή εργασία

Saved in:
Bibliographic Details
Main Author: Κανάκη, Σταυρούλα
Corporate Author: Πανεπιστήμιο Αιγαίου Σχολή Επιστημών της Διοίκησης Τμήμα Ναυτιλίας και Επιχειρηματικών Υπηρεσιών - Τ.Ν.Ε.Υ
Other Authors: Νικητάκος, Νικήτας (Thesis advisor)
Format: Thesis Book
Language:Greek
Published: 2006
Subjects:
Tags: Add Tag
No Tags, Be the first to tag this record!

MARC

LEADER 00000cam a2200000 i 4500
001 1/37908
008 061121s2006 gre d
035 |l 10086214 
040 |a GR-MY-UA  |b gre  |e aacr 
041 0 |a gre 
082 0 |a 332.109495  |2 (22) 
100 1 |a Κανάκη, Σταυρούλα. 
245 1 0 |a Τραπεζικές διαδικτυακές συναλλαγές (E-banking) και η εξέλιξη τους στην ελληνική αγορά :  |b πτυχιακή εργασία /  |c Σ. Κανάκη ; επιβλέπων Ν. Νικητάκος 
260 |c 2006 
300 |a 116 σ.;  |b εικ.;  |c 30 εκ. 
502 # # |a Πτυχιακή εργασία – Πανεπιστήμιο Αιγαίου, Χίος, 2006. 
504 |a Περιλαμβάνει βιβλιογραφία 
610 2 0 |a Πανεπιστήμιο Αιγαίου. 
650 0 0 |a Electronic funds transfers. 
650 0 0 |a Banks and banking  |z Greece. 
650 0 0 |a Dissertations, Academic  |z Greece. 
700 1 |4 ths  |a Νικητάκος, Νικήτας. 
710 1 |a Πανεπιστήμιο Αιγαίου  |b Σχολή Επιστημών της Διοίκησης  |b Τμήμα Ναυτιλίας και Επιχειρηματικών Υπηρεσιών - Τ.Ν.Ε.Υ. 
852 |a INST  |b CHIOS  |c DIATR  |e 20061121  |h 332.109495 ΚΑΝ  |p 005200026684  |q 005200026684  |t DIE  |y 23 
852 |a INST  |b CHIOS  |c DIATR  |e 20061121  |h 332.109495 ΚΑΝ  |p 005200026685  |q 005200026685  |t DIE  |y 23 
901 |a BIBL2-2006-3 
909 |a Χ  |b 120657 
909 |a Χ  |b 120658 
924 |a ΚΑΝΑΚΗ  |b ΣΤΑΥΡΟΥΛΑ  |y ΧΙΟΣ  |z 2006-11 
970 |a ΒΑΣΙΛΑΚΗ  |b ΝΙΚΗ  |z 2006/11/21